|
|
|
|
| LEADER |
00000cam a22000004a 4500 |
| 001 |
musev2_41782 |
| 003 |
MdBmJHUP |
| 005 |
20230905044358.0 |
| 006 |
m o d |
| 007 |
cr||||||||nn|n |
| 008 |
140806s2014 mau o 00 0 eng d |
| 010 |
|
|
|z 2014019828
|
| 020 |
|
|
|a 9781613763452
|
| 020 |
|
|
|z 161376345X
|
| 020 |
|
|
|z 1625341253
|
| 020 |
|
|
|z 9781625341259
|
| 035 |
|
|
|a (OCoLC)933516764
|
| 040 |
|
|
|a MdBmJHUP
|c MdBmJHUP
|
| 100 |
1 |
|
|a Rohrbach, Augusta,
|d 1961-
|
| 245 |
1 |
0 |
|a Thinking Outside the Book /
|c Augusta Rohrbach.
|
| 264 |
|
1 |
|a Amherst :
|b University of Massachusetts Press,
|c [2014]
|
| 264 |
|
3 |
|a Baltimore, Md. :
|b Project MUSE,
|c 2016
|
| 264 |
|
4 |
|c ©[2014]
|
| 300 |
|
|
|a 1 online resource (184 pages).
|
| 336 |
|
|
|a text
|b txt
|2 rdacontent
|
| 337 |
|
|
|a computer
|b c
|2 rdamedia
|
| 338 |
|
|
|a online resource
|b cr
|2 rdacarrier
|
| 505 |
0 |
|
|a (R)emediation (literacy rethought) -- Memory (authorship revisited) -- History (publication redefined) -- Testimony (the edition reimagined) -- Loss (authorship regained) -- Epilogue. no text left behind (a theory of recovery).
|
| 520 |
|
|
|a Augusta Rohrbach works through the increasing convergences between digital humanities and literary studies to explore the meaning and primacy of the book as a literary, material, and cultural artifact. Rohrbach assembles a rather unlikely cohort of nineteenth-century women writers--Jane Johnston Schoolcraft, Sojourner Truth, Hannah Crafts, Augusta Evans, and Mary Chesnut--to consider the publishing culture of their period from the perspective of our current digital age, bringing together scholarly concepts from both print culture and new media studies.--Provided by publisher.
|
| 588 |
|
|
|a Description based on print version record.
|
| 650 |
|
7 |
|a Transmission of texts.
|2 fast
|0 (OCoLC)fst01154863
|
| 650 |
|
7 |
|a Books and reading.
|2 fast
|0 (OCoLC)fst00836454
|
| 650 |
|
7 |
|a Books.
|2 fast
|0 (OCoLC)fst00836401
|
| 650 |
|
7 |
|a Authorship
|x Social aspects.
|2 fast
|0 (OCoLC)fst00822471
|
| 650 |
|
7 |
|a Authors and readers.
|2 fast
|0 (OCoLC)fst00821738
|
| 650 |
|
7 |
|a Authors and publishers.
|2 fast
|0 (OCoLC)fst00821733
|
| 650 |
|
7 |
|a American literature
|x Women authors.
|2 fast
|0 (OCoLC)fst00807271
|
| 650 |
|
7 |
|a American literature.
|2 fast
|0 (OCoLC)fst00807113
|
| 650 |
|
7 |
|a LITERARY CRITICISM
|x Books & Reading.
|2 bisacsh
|
| 650 |
|
7 |
|a LITERARY CRITICISM
|x American
|x General.
|2 bisacsh
|
| 650 |
|
6 |
|a Écrits de femmes americains
|x Histoire et critique.
|
| 650 |
|
6 |
|a Litterature americaine
|y 19e siecle
|x Histoire et critique.
|
| 650 |
|
6 |
|a Écrivaines americaines
|y 19e siecle
|x Pensee politique et sociale.
|
| 650 |
|
6 |
|a Art d'ecrire
|x Aspect social
|z États-Unis
|x Histoire
|y 19e siecle.
|
| 650 |
|
6 |
|a Écrivains et editeurs
|z États-Unis
|x Histoire
|y 19e siecle.
|
| 650 |
|
6 |
|a Écrivains et lecteurs
|z États-Unis
|x Histoire
|y 19e siecle.
|
| 650 |
|
6 |
|a Transmission de textes.
|
| 650 |
|
6 |
|a Livres
|x Histoire.
|
| 650 |
|
6 |
|a Livres et lecture
|x Histoire.
|
| 650 |
|
0 |
|a American literature
|x Women authors
|x History and criticism.
|
| 650 |
|
0 |
|a American literature
|y 19th century
|x History and criticism.
|
| 650 |
|
0 |
|a Women authors, American
|y 19th century
|x Political and social views.
|
| 650 |
|
0 |
|a Authorship
|x Social aspects
|z United States
|x History
|y 19th century.
|
| 650 |
|
0 |
|a Authors and publishers
|z United States
|x History
|y 19th century.
|
| 650 |
|
0 |
|a Authors and readers
|z United States
|x History
|y 19th century.
|
| 650 |
|
0 |
|a Transmission of texts.
|
| 650 |
|
0 |
|a Books
|x History.
|
| 650 |
|
0 |
|a Books and reading
|x History.
|
| 651 |
|
7 |
|a United States.
|2 fast
|0 (OCoLC)fst01204155
|
| 655 |
|
7 |
|a History.
|2 fast
|0 (OCoLC)fst01411628
|
| 655 |
|
7 |
|a Criticism, interpretation, etc.
|2 fast
|0 (OCoLC)fst01411635
|
| 655 |
|
0 |
|a Electronic book.
|
| 655 |
|
7 |
|a Electronic books.
|2 local
|
| 710 |
2 |
|
|a Project Muse.
|e distributor
|
| 830 |
|
0 |
|a Book collections on Project MUSE.
|
| 856 |
4 |
0 |
|z Texto completo
|u https://projectmuse.uam.elogim.com/book/41782/
|
| 945 |
|
|
|a Project MUSE - Custom Collection
|
| 945 |
|
|
|a Project MUSE - 2014 Complete Supplement
|
| 945 |
|
|
|a Project MUSE - 2014 Literature Supplement
|